000 01154naa a22003497a 4500
001 BR8302776
003 BR-BrBNA
005 20240918175300.0
007 ta
008 230509b bl.||||| |||| 00| 0 por d
040 _aBR-BrBNA
_bpor
_cBiblioteca Nacional de Agricultura
041 _a(Pt)
072 _aH20
_b1410
_b4120
_bG514
090 _aH20 BR8302776
100 1 _aMiranda, P.
100 1 _aCosta, A.F. da
100 1 _aRaposo, J.A.
100 1 _aPimentel, M. de L.
100 1 _aCruz, D.G. da
245 1 _aDoencas de importancia economica na cultura do feijao [mancha angular, ferrugem, antracnose, Brasil]
260 3 _aRecife, PE (Brasil):
_c1983.
500 _aPrograma feijao. Relatorio anual de pesquisa - 1982 Recife, PE (Brasil): 1983. p. 11-29 (BR8302776-AM)H20
650 _aDOENCA DE PLANTA
650 _aMANCHA ANGULAR
650 _aFERRUGEM
650 _aANTRACNOSE
650 _aFEIJAO
650 _aVARIEDADE RESISTENTE
773 0 _tPrograma feijao. Relatorio anual de pesquisa - 1982
_wH20 BR8302776
_gRecife, PE (Brasil), 1983. p. 11-29
909 _a202404
_bLucia
_c55
_dLucia Elande
942 _cAM
_2AGRIS
999 _c315996
_d315996